ბათუმის შოთა რუსთაველის სახელმწიფო უნივერსიტეტის ბიბლიოთეკა

ბავშვზე ორიენტირებული სკოლის გზამკვლევი : (ბიბ.ჩანაწერი № 50673)

000 -ლიდერი
ფიქსირებული სიგრძის საკონტროლო ველი 01296nam a2200265Ia 4500
001 - საკონტროლო ნომერი
საკონტროლო ველი 17624
003 - საკონტროლო ნომრის იდენტიფიკატორი
საკონტროლო ველი GE_BSU
005 - ბოლო ოპერაციის თარიღი და დრო
საკონტროლო ველი 20200220145652.0
008 - ფიქსირებული სიგრძის მონაცემთა ელემენტები - ზოგადი ინფორმაცია
ფიქსირებული სიგრძის საკონტროლო ველი 181216s2012 xx |||||||||||||| || ||
020 ## - წიგნის საერთაშორისო სტანდარტული ნომერი
International Standard Book Number 978-9941-0-4697-1
040 ## - კატალოგიზაციის წყარო
Transcribing agency GE_BSU
041 ## - ენის კოდი
Language code of text/sound track or separate title geo
080 ## - უნივერსალური ათობითი კლასიფიკაციის ინდექსი
Universal Decimal Classification number 373.3/.5(479.22) ბ-15
245 ## - ცნობა სათაურის შესახებ
Title ბავშვზე ორიენტირებული სკოლის გზამკვლევი :
Remainder of title USAID, სამოქალაქო განვითარების ინ-ტი /
Statement of responsibility, etc ნათია ანდღულაძე ; სოფიო გორგოძე ; თამარ მოსიაშვილი ; სიმონ ჯანაშია.
264 ## - წარმოების, გამოცემის, დისტრიბუციის და სხვა ცნობები
გამოცემის, წარმოების, დისტრიბუციის... ადგილი თბილისი :
გამოცემის, წარმოების, დისტრიბუციის... სახელწოდება შპს,,ფავორიტი,
გამოცემის, წარმოების, დისტრიბუციის... თარიღი 2012.
300 ## - ფიზიკური აღწერა
Extent 178 გვ;
Other physical details ცხრ;
Dimensions 20 სმ.
504 ## - BIBLIOGRAPHY, ETC. NOTE
Bibliography, etc ბიბლიოგრ.: გვ.155
653 ## - INDEX TERM--UNCONTROLLED
Uncontrolled term პედაგოგიკა
653 ## - INDEX TERM--UNCONTROLLED
Uncontrolled term სასკოლო განათლება;
700 ## - ADDED ENTRY--PERSONAL NAME
Personal name ანდღულაძე, ნათია
9 (RLIN) 7251
700 ## - ADDED ENTRY--PERSONAL NAME
Personal name გორგოძე, სოფიო
9 (RLIN) 891
700 ## - ADDED ENTRY--PERSONAL NAME
Personal name მოსიაშვილი, თამარ
9 (RLIN) 7252
700 ## - ADDED ENTRY--PERSONAL NAME
Personal name ჯანაშია, სიმონ
9 (RLIN) 7253
942 ## - ADDED ENTRY ELEMENTS (KOHA)
Koha item type წიგნი
Source of classification or shelving scheme
ეგზემპლარები
ჩამოწერის სტატუსი დაკარგული ეგზემპლარის სტატუსი კლასიფიკაციის წყარო ან თაროზე გაწყობის სქემა დაზიანების სტატუსი არ გაიცემა მუდმივი მდებარეობა (დაცვის ადგილი) ამჟამინდელი ადგილსამყოფელი თაროზე განთავსების ადგილი შეძენის თარიღი სრული შენახვის შიფრი შტრიხკოდი ბოლო ოპერაციის თარიღი ეგზემპლარის მიმდევრობითი ნომერი (კეტერი?) ფასის ძალაში შესვლის თარიღი ეგზემპლარის სახეობა
          ბათუმის შოთა რუსთაველის სახელმწიფო უნივერსიტეტის მთავარი ბიბლიოთეკა ბათუმის შოთა რუსთაველის სახელმწიფო უნივერსიტეტის მთავარი ბიბლიოთეკა წიგნსაცავი 2018-12-17 373.3/.5(479.22) ბ-15 45620 2018-12-17 45620 2018-12-17 წიგნი